لمن تقوم الدولة الإسلامية ؟ / (رقم التسجيلة. 22765)

تفاصيل مارك
000 -الفاتح
حقل البيانات ثابتة الطول 00816nam a22002051a 4500
003 - محدد رقم الضبط
رقم الضبط OSt
005 - وقت وتاريخ اخر تعامل مع التسجيلة
رقم الضبط 20150408114030.0
008 - عناصر البيانات ثابتة الطول - معلومات عامة
حقل البيانات ثابتة الطول 120508s2011 jo ||||g b 00| 0 ara d
040 ## - مصدر الفهرسة
وكالة الفهرسة الأصلية عمادة شؤون المكتبة في جامعة المجمعة
082 04 - رقم تصنيف ديوى العشرى
رقم الطبعة 21
رقم التصنيف 257.1
رقم المادة 257.1 ل أ ع
100 1# - المدخل الرئيسى - إسم شخصى
الإسم الشخصى الأفندي، عبد الوهاب
9 (RLIN) 12719
245 10 - بيان العنوان
العنوان لمن تقوم الدولة الإسلامية ؟ /
بيان المسئوليه,etc عبد الوهاب الأفندي.
250 ## - بيان الطبعة
بيان الطبعة ط. 1.
260 ## - PUBLICATION, DISTRIBUTION, ETC. (IMPRINT)
مكان الناشر او الموزع عمان، الأردن :
اسم الناشر او الموزع الأهلية للنشر والتوزيع،
تاريخ النشر أو التوزيع 2011
300 ## - الوصف المادى
التعداد 292 ص. ؛
أبعاد الوعاء 24 سم.
504 ## - تبصرة ببليوجرافية
تبصرة ببليوجرافية,الخ ببليوجرافية : ص. 289-292.
650 #7 - المدخل الاضافى بالموضوع-مصطلح موضوعى
مصدر الرأس أو المصطلح aucsh
مصطلح موضوعي أو اسم جغرافي كعنصر مدخل نظام الحكم في الإسلام
9 (RLIN) 9054
650 #7 - المدخل الاضافى بالموضوع-مصطلح موضوعى
مصدر الرأس أو المصطلح aucsh
مصطلح موضوعي أو اسم جغرافي كعنصر مدخل الإسلام
التقسيم الفرعي العام جوانب سياسية
9 (RLIN) 6194
942 ## - عناصر المدخل الإضافي( كوها)
مصدر التصنيف او مخطط الترفيف Dewey Decimal Classification
Koha [default] item type كتاب
المقتنيات
حالة الفقد نموذج السعر الفعال حالة تلف ليس للاعارة رقم الطلب رقم النسخة تاريخ الاكتساب الموقع الحالي الباركود موقع الترفيف الفرع الرئيسي Date last seen نوع المادة فى نظام كوها مصدر التصنيف او خطة الترفيف Total Checkouts Date last checked out
  2013-03-10   Not For Loan 257.1 257.1 ل أ ع 1 2012-05-16 المكتبة المركزية بالمجمعة (CL) 203467 stacks td المكتبة المركزية بالمجمعة (CL) 2013-03-10 كتاب Dewey Decimal Classification    
  2013-03-10     257.1 257.1 ل أ ع 2 2012-05-16 المكتبة المركزية بالمجمعة (CL) 203466 stacks td المكتبة المركزية بالمجمعة (CL) 2017-11-29 كتاب Dewey Decimal Classification 1 2017-11-19
  2013-03-10     257.1 257.1 ل أ ع 3 2012-05-16 المكتبة المركزية بالمجمعة (CL) 203465 stacks td المكتبة المركزية بالمجمعة (CL) 2013-03-10 كتاب Dewey Decimal Classification    
  2013-03-10   Not For Loan 257.1 257.1 ل أ ع 1 2012-05-13 مكتبة كلية التربية بالزلفى - طالبات (EZF) 200883 stacks td مكتبة كلية التربية بالزلفى - طالبات (EZF) 2013-03-10 كتاب Dewey Decimal Classification    
  2013-03-10     257.1 257.1 ل أ ع 2 2012-05-13 مكتبة كلية التربية بالزلفى - طالبات (EZF) 200884 stacks td مكتبة كلية التربية بالزلفى - طالبات (EZF) 2013-03-10 كتاب Dewey Decimal Classification    
  2013-03-10     257.1 257.1 ل أ ع 2 2012-05-12 مكتبة كلية التمريض - طالبات (CNF) 200017 stacks td مكتبة كلية التمريض - طالبات (CNF) 2013-03-10 كتاب Dewey Decimal Classification    
  2013-03-10   Not For Loan 257.1 257.1 ل أ ع 1 2012-05-14 مكتبة كلية العلوم و الدراسات الإنسانية برماح - طالبات (SRF) 202312 stack td مكتبة كلية العلوم و الدراسات الإنسانية برماح - طالبات (SRF) 2013-03-10 كتاب Dewey Decimal Classification    
  2013-03-10     257.1 257.1 ل أ ع   2012-05-14 مكتبة كلية العلوم و الدراسات الإنسانية برماح - طالبات (SRF) 202313 stack td مكتبة كلية العلوم و الدراسات الإنسانية برماح - طالبات (SRF) 2013-03-10 كتاب Dewey Decimal Classification    
  2013-03-10   Not For Loan 257.1 257.1 ل أ ع 1 2012-05-13 مكتبة كلية العلوم و الدراسات الإنسانية برماح - طلاب (SRM) 200355 stacks td مكتبة كلية العلوم و الدراسات الإنسانية برماح - طلاب (SRM) 2013-03-10 كتاب Dewey Decimal Classification    
  2013-03-10     257.1 257.1 ل أ ع 2 2012-05-13 مكتبة كلية العلوم و الدراسات الإنسانية برماح - طلاب (SRM) 200354 stacks td مكتبة كلية العلوم و الدراسات الإنسانية برماح - طلاب (SRM) 2013-03-10 كتاب Dewey Decimal Classification    
  2013-03-10   Not For Loan 257.1 257.1 ل أ ع 1 2012-05-14 مكتبة مجمع الطالبات بالمجمعة (EMF) 201697 stacks td مكتبة مجمع الطالبات بالمجمعة (EMF) 2013-03-10 كتاب Dewey Decimal Classification    
  2013-03-10     257.1 257.1 ل أ ع 2 2012-05-14 مكتبة مجمع الطالبات بالمجمعة (EMF) 201698 stacks td مكتبة مجمع الطالبات بالمجمعة (EMF) 2013-03-10 كتاب Dewey Decimal Classification